Effet du triple ensachage du niébé sur le pouvoir de marché des producteurs dans la région nord du Burkina Faso (notice n° 1871270)
[ vue normale ]
| 000 -LEADER | |
|---|---|
| fixed length control field | 02304cam a2200181 4500500 |
| 005 - DATE AND TIME OF LATEST TRANSACTION | |
| control field | 20260329012449.0 |
| 041 ## - LANGUAGE CODE | |
| Language code of text/sound track or separate title | fre |
| 042 ## - AUTHENTICATION CODE | |
| Authentication code | dc |
| 100 10 - MAIN ENTRY--PERSONAL NAME | |
| Personal name | Zongo, Issa |
| Relator term | author |
| 245 00 - TITLE STATEMENT | |
| Title | Effet du triple ensachage du niébé sur le pouvoir de marché des producteurs dans la région nord du Burkina Faso |
| 260 ## - PUBLICATION, DISTRIBUTION, ETC. | |
| Date of publication, distribution, etc. | 2025.<br/> |
| 500 ## - GENERAL NOTE | |
| General note | 89 |
| 520 ## - SUMMARY, ETC. | |
| Summary, etc. | La lutte contre le réchauffement climatique nécessite une action déterminée qui passe par une réallocation du capital et des flux financiers cohérents avec les 2˚C. La mise en place de politiques climatiques adéquates sera cruciale pour faire émerger ce processus. Parallèlement, le secteur financier peut jouer un rôle complémentaire et renforcer leur efficacité dans la mesure où la reconnaissance des risques et opportunités climatiques par le secteur financier contribue à cette réallocation. La compréhension des mécanismes à l’œuvre, la disponibilité d’informations sur les conséquences financières du changement climatique ainsi qu’une appropriation des enjeux climatiques par les institutions financières en sont des facteurs clés. Plusieurs initiatives ont été mises en place en ce sens par les pouvoirs publics, notamment en France. |
| 520 ## - SUMMARY, ETC. | |
| Summary, etc. | The Financial Sector Facing the Transition to a Low-Carbon Climate-Resilient Economy Successfully addressing global warming requires decisive actions and hinges on a 2˚C-consistent reallocation of capital and financial flows. The implementation of adequate climate policies will be decisive to foster this process. The financial sector can play a complementary role to enhance the effectiveness of these policies, as the recognition of the risks and opportunities related to climate change contributes to this reallocation. Understanding the issues at play, the availability of data on the financial consequences of climate change as well as an appropriation of climate issues by the financial sector are key factors for risk management. Several policy measures have been implemented in this respect, particularly in France. |
| 700 10 - ADDED ENTRY--PERSONAL NAME | |
| Personal name | Dabat-Partiot, |
| Relator term | author |
| 786 0# - DATA SOURCE ENTRY | |
| Note | Économie rurale | 394 | 4 | 2025-11-21 | p. 75-92 | 0013-0559 |
| 856 41 - ELECTRONIC LOCATION AND ACCESS | |
| Uniform Resource Identifier | <a href="https://shs.cairn.info/revue-economie-rurale-2025-4-page-75?lang=fr&redirect-ssocas=7080">https://shs.cairn.info/revue-economie-rurale-2025-4-page-75?lang=fr&redirect-ssocas=7080</a> |
Pas d'exemplaire disponible.




Réseaux sociaux